<?xml version="1.0" encoding="UTF-8"?>
<record
    xmlns:xsi="http://www.w3.org/2001/XMLSchema-instance"
    xsi:schemaLocation="http://www.loc.gov/MARC21/slim http://www.loc.gov/standards/marcxml/schema/MARC21slim.xsd"
    xmlns="http://www.loc.gov/MARC21/slim">

  <leader>02476agaaa2200337   4500</leader>
  <controlfield tag="001">1585</controlfield>
  <controlfield tag="003">IT-RoPAU</controlfield>
  <controlfield tag="005">20220918181249.0</controlfield>
  <controlfield tag="007">d cvaizq</controlfield>
  <controlfield tag="008">50131s9999||||xx ||| |     ||   ||und||</controlfield>
  <datafield tag="040" ind1=" " ind2=" ">
    <subfield code="a">IT-RoPAU</subfield>
    <subfield code="c">IT-RoPAU</subfield>
  </datafield>
  <datafield tag="041" ind1=" " ind2=" ">
    <subfield code="a">ITALIANO</subfield>
  </datafield>
  <datafield tag="100" ind1=" " ind2=" ">
    <subfield code="a">Polanski Roman</subfield>
    <subfield code="g">Codice regista SPICS: 1627</subfield>
    <subfield code="9">48195</subfield>
  </datafield>
  <datafield tag="130" ind1=" " ind2=" ">
    <subfield code="a">TESS</subfield>
    <subfield code="9">48196</subfield>
  </datafield>
  <datafield tag="240" ind1=" " ind2=" ">
    <subfield code="a">TESS</subfield>
    <subfield code="g">T1715</subfield>
  </datafield>
  <datafield tag="245" ind1=" " ind2=" ">
    <subfield code="a">TESS</subfield>
    <subfield code="c">Prodotto da: Berri Claude -- Sceneggiatura: Brach Gerard Polanski Roman -- Diretto da: Polanski Roman</subfield>
    <subfield code="p">TESS (Rif. Codice opera principale : 21585)</subfield>
  </datafield>
  <datafield tag="246" ind1=" " ind2=" ">
    <subfield code="a">TESS</subfield>
  </datafield>
  <datafield tag="250" ind1=" " ind2=" ">
    <subfield code="a">Edizione Standard</subfield>
  </datafield>
  <datafield tag="260" ind1=" " ind2=" ">
    <subfield code="a">FRANCIA (FRANCIA - INGHILT)</subfield>
    <subfield code="b">RENN PRODUCTIONS / </subfield>
    <subfield code="g">"1979 (1&#xB0; ed.: 1983 ; Ed. Lingua Orig.: 1979)"</subfield>
  </datafield>
  <datafield tag="300" ind1=" " ind2=" ">
    <subfield code="a">VHS</subfield>
    <subfield code="b">sonoro, col.</subfield>
    <subfield code="c">180 minuti</subfield>
  </datafield>
  <datafield tag="508" ind1=" " ind2=" ">
    <subfield code="a">"Fotografia: Unsworth G. Ghislam ; Montaggio: Mcintyre Alastair; Musica: Sarde Philippe; Sceneggiatura: Brach Gerard Polanski Roman; Scenografia: Guffroy Pierre; Coreografia: Lefton Sue; "</subfield>
  </datafield>
  <datafield tag="511" ind1=" " ind2=" ">
    <subfield code="a">"Collin John; Church Tony; Kinski Nastassia; Erin Brigin; Bires Jeanne; Firth Peter"</subfield>
  </datafield>
  <datafield tag="520" ind1=" " ind2=" ">
    <subfield code="a">UMILE RAGAZZA DI CAMPAGNA FIGLIA DEL POVERO JACK DURBEYFIELD TESS VIENE INFORMATA UN GIORNO CHE SUO PADRE POTREBBE ESSERE DISCENDENTE DELLA FAMOSA CASATA DEI D'URBERVILLE SPEDITA DAI GENITORI A CONOSCERE I PRESUNTI PARENTI VIENE SEDOTTA DA GIOVANE RICCO ALEC STOKE LA CUI MADRE E' DIVENTATA UNA D'URBERVILLE COMPRANDOSI IL COGNOME DEGLI ANTENATI DI JACK RIMASTA INCINTA TESSTORNA DAI SUOI MA IL FIGLIOLETTO LE MUORE ANCORA IN FASCE VA A LAVORARE COME MUNGITRICE IN UNA FATTORIA VI CONOSCE IL GIOVANE ANGEL CLARE FIGLIO DI UN PASTORE SE NE INNAMORA E LO SPOSA LA NOTTE DELLE NOZZE GLI CONFESSA IL SUO PASSATO ANGEL LA RIPUDIA E PARTE PER IL BRASILE DOPO ESSERSI SPEZZATA LA SCHIENA SGOBBANDO NEI CAMPI SFINITA DALLA MISERIA PROPRIA E DELLA SUA FAMIGLIA TESS SI RASSEGNA A DIVENTARE LA MANTENUTA DI ALEC ANGEL PENTITO TORNA DA LEI CHE PRIMA GLI SI NEGA POI PUGNALATO A MORTE ALEC FUGGE CON LUI CHE TENTA DI PORTARLA IN SALVO LA POLIZIA LI SCOPRE E PER TESS NON C'E' ORMAI CHEIL CAPESTRO FILM A COLORI</subfield>
  </datafield>
  <datafield tag="538" ind1=" " ind2=" ">
    <subfield code="a">PAL, STEREO</subfield>
  </datafield>
  <datafield tag="546" ind1=" " ind2=" ">
    <subfield code="a">ITALIANO</subfield>
  </datafield>
  <datafield tag="650" ind1=" " ind2=" ">
    <subfield code="a">DRAMMA PSICO - SO</subfield>
    <subfield code="e">FILMS [VHS]</subfield>
    <subfield code="x">Codice MATERIA SPICS: 9960</subfield>
    <subfield code="9">48197</subfield>
  </datafield>
  <datafield tag="700" ind1=" " ind2=" ">
    <subfield code="a">Hardy Thomas </subfield>
    <subfield code="e">(soggetto)</subfield>
    <subfield code="g">Codice Soggetto SPICS: 28885</subfield>
    <subfield code="9">48198</subfield>
  </datafield>
  <datafield tag="700" ind1=" " ind2=" ">
    <subfield code="a">Polanski Roman </subfield>
    <subfield code="e">(regista)</subfield>
    <subfield code="g">Codice regista SPICS: 1627</subfield>
    <subfield code="9">48199</subfield>
  </datafield>
  <datafield tag="700" ind1=" " ind2=" ">
    <subfield code="a">Sarde Philippe</subfield>
    <subfield code="e">(musica)</subfield>
    <subfield code="g">Codice Musica SPICS: 11145</subfield>
    <subfield code="9">48200</subfield>
  </datafield>
  <datafield tag="942" ind1=" " ind2=" ">
    <subfield code="c">VH</subfield>
    <subfield code="2">ddc</subfield>
  </datafield>
  <datafield tag="999" ind1=" " ind2=" ">
    <subfield code="c">106686</subfield>
    <subfield code="d">106686</subfield>
  </datafield>
  <datafield tag="952" ind1=" " ind2=" ">
    <subfield code="0">0</subfield>
    <subfield code="1">0</subfield>
    <subfield code="4">0</subfield>
    <subfield code="6">21585_000000000000000</subfield>
    <subfield code="7">1</subfield>
    <subfield code="a">SPICS</subfield>
    <subfield code="b">SPICS</subfield>
    <subfield code="d">2015-01-31</subfield>
    <subfield code="l">0</subfield>
    <subfield code="o">21585</subfield>
    <subfield code="r">2015-01-31 00:00:00</subfield>
    <subfield code="w">2015-01-31</subfield>
    <subfield code="y">VH</subfield>
    <subfield code="z">Progr. Ins.: 1381 / N.Vol.:1 / Copie: 1 / Pag.: / Copia rara: n.d. / date import: 1.2.2015 / By Epidotti, Trombetti, Vaglietti</subfield>
  </datafield>
</record>
